<?xml version="1.0" encoding="UTF-8"?>
<record
    xmlns:xsi="http://www.w3.org/2001/XMLSchema-instance"
    xsi:schemaLocation="http://www.loc.gov/MARC21/slim http://www.loc.gov/standards/marcxml/schema/MARC21slim.xsd"
    xmlns="http://www.loc.gov/MARC21/slim">

  <leader>02078nam a2200313Ia 4500</leader>
  <controlfield tag="001">378</controlfield>
  <controlfield tag="003">OSt</controlfield>
  <controlfield tag="005">20250528074019.0</controlfield>
  <controlfield tag="008">210216b           ||||| |||| 00| 1 por d</controlfield>
  <datafield tag="020" ind1=" " ind2=" ">
    <subfield code="a">9788532524577</subfield>
  </datafield>
  <datafield tag="040" ind1=" " ind2=" ">
    <subfield code="b">por</subfield>
  </datafield>
  <datafield tag="041" ind1=" " ind2=" ">
    <subfield code="a">por</subfield>
    <subfield code="h">ita</subfield>
  </datafield>
  <datafield tag="082" ind1="1" ind2=" ">
    <subfield code="a">853 </subfield>
    <subfield code="b">T76g </subfield>
  </datafield>
  <datafield tag="100" ind1="1" ind2=" ">
    <subfield code="a">Troisi, Licia,</subfield>
    <subfield code="d">1980-</subfield>
    <subfield code="9">782</subfield>
  </datafield>
  <datafield tag="240" ind1=" " ind2=" ">
    <subfield code="a">Le Guerre del mondo emerso / Le due guerriere</subfield>
  </datafield>
  <datafield tag="245" ind1=" " ind2=" ">
    <subfield code="a">As Guerras do Mundo Emerso:</subfield>
    <subfield code="b">As Duas Guerreiras  / </subfield>
    <subfield code="c">Troisi, Licia ; Tradu&#xE7;&#xE3;o de Mario Fondeli</subfield>
  </datafield>
  <datafield tag="260" ind1=" " ind2=" ">
    <subfield code="a">Rio de Janeiro </subfield>
    <subfield code="b">Rocco</subfield>
    <subfield code="c">2009</subfield>
  </datafield>
  <datafield tag="300" ind1=" " ind2=" ">
    <subfield code="a">399 p.</subfield>
  </datafield>
  <datafield tag="520" ind1=" " ind2=" ">
    <subfield code="a">Dubhe precisa livrar-se do selo da maldi&#xE7;&#xE3;o que lhe fora impresso pela Guilda, seita de assassinos da qual fugira. E a sua melhor chance de se livrar deste selo &#xE9; encontrar um mago capaz de quebr&#xE1;-lo. Para isso, se alia a Lonerin, o jovem mago que a ajudou na fuga. Os jovens partem para as Terras Desconhecidas para encontrar o lend&#xE1;rio mago Senar &#x2013; o &#xFA;nico capaz de quebrar o selo de Dubhe e tamb&#xE9;m a grande esperan&#xE7;a dos habitantes dos territ&#xF3;rios livres de ganhar a guerra &#x2013;, sem saber que est&#xE3;o sendo perseguidos por Rekla, antiga monitora de Dubhe na Guilda, e outros dois assassinos.

No caminho at&#xE9; o mago, sentimentos inesperados v&#xEA;m &#xE0; tona e o dois t&#xEA;m que lidar com revela&#xE7;&#xF5;es surpreendentes sobre os respectivos passados e confrontar os implac&#xE1;veis assassinos enviados por Yeshol, sacerdote da Guilda, em um terreno perigoso, onde a magia n&#xE3;o funciona da maneira que eles conhecem.

Ao mesmo tempo, no Mundo Emerso, o gnomo Ido, supremo general, sai em busca de Tarik, o filho de Senar que, ap&#xF3;s um rixa com o pai, partiu das Terras Desconhecidas e est&#xE1; sendo procurado por Dohor e Yeshol para ser sacrificado no ritual que trar&#xE1; o Tirano de volta &#xE0; vida.</subfield>
  </datafield>
  <datafield tag="650" ind1=" " ind2="0">
    <subfield code="a">Literatura italiana</subfield>
    <subfield code="9">164</subfield>
  </datafield>
  <datafield tag="650" ind1=" " ind2="0">
    <subfield code="a">Suspense</subfield>
    <subfield code="9">10</subfield>
  </datafield>
  <datafield tag="650" ind1=" " ind2="0">
    <subfield code="a">Guerreiras</subfield>
    <subfield code="9">784</subfield>
  </datafield>
  <datafield tag="650" ind1=" " ind2="0">
    <subfield code="a">Magia</subfield>
    <subfield code="9">785</subfield>
  </datafield>
  <datafield tag="655" ind1=" " ind2="0">
    <subfield code="a">Romance</subfield>
    <subfield code="9">23</subfield>
  </datafield>
  <datafield tag="655" ind1=" " ind2="0">
    <subfield code="a">Fic&#xE7;&#xE3;o </subfield>
    <subfield code="9">22</subfield>
  </datafield>
  <datafield tag="700" ind1=" " ind2=" ">
    <subfield code="a">Mario Fondeli</subfield>
    <subfield code="e">TRADUTOR</subfield>
    <subfield code="9">786</subfield>
  </datafield>
  <datafield tag="830" ind1=" " ind2=" ">
    <subfield code="a">As guerras do mundo emerso</subfield>
    <subfield code="v">Livro 02</subfield>
    <subfield code="9">781</subfield>
  </datafield>
  <datafield tag="942" ind1=" " ind2=" ">
    <subfield code="2">ddc</subfield>
    <subfield code="c">BK</subfield>
  </datafield>
  <datafield tag="952" ind1=" " ind2=" ">
    <subfield code="0">0</subfield>
    <subfield code="1">0</subfield>
    <subfield code="2">ddc</subfield>
    <subfield code="3">vol. 02</subfield>
    <subfield code="4">0</subfield>
    <subfield code="7">0</subfield>
    <subfield code="8">FIC</subfield>
    <subfield code="a">BIBIB</subfield>
    <subfield code="b">BIBIB</subfield>
    <subfield code="c">LE</subfield>
    <subfield code="d">2025-04-03</subfield>
    <subfield code="e">doa&#xE7;&#xE3;o</subfield>
    <subfield code="l">0</subfield>
    <subfield code="o">853 / T76g</subfield>
    <subfield code="p">2025-17314</subfield>
    <subfield code="r">2025-04-03 08:59:30</subfield>
    <subfield code="w">2025-04-03</subfield>
    <subfield code="y">BK</subfield>
  </datafield>
  <datafield tag="999" ind1=" " ind2=" ">
    <subfield code="c">378</subfield>
    <subfield code="d">378</subfield>
  </datafield>
</record>
